Quotes from Books II Quiz Stats

 Plays Quiz Updated May 23, 2016

Score 0/32 Timer 06:00
6 Plays Today
% Correct
be
94.3%
rum
93.8%
light
93.3%
times
92.3%
good
92.2%
childhood
91.5%
Ishmael
90.9%
catch
90.6%
bluejays
90.1%
whimper
89.4%
improbable
89.2%
Ring
89.2%
odds
88.8%
island
88.3%
winter
87.6%
happy
86.9%
% Correct
hope
86.6%
beast
84%
heaven
79.5%
married
79.4%
bred
75%
gentlemen
74.9%
obliged
73.3%
looks
71.1%
slavery
70.6%
sick
70.4%
sorrows
67.9%
guilty
66%
housekeeping
63.6%
forty-two
61.9%
raven
60.9%
bodkin
57.6%

You're not logged in!

Compare scores with friends on all Sporcle quizzes.
OR
Log In

Show Comments

Extras

Top Quizzes Today


Score Distribution

Your Account Isn't Verified!

In order to create a playlist on Sporcle, you need to verify the email address you used during registration. Go to your Sporcle Settings to finish the process.

Report this User

Report this user for behavior that violates our Community Guidelines.

Details: